[Event "Skalica op"]
[Site "Skalica"]
[Date "2020.01.11"]
[Round "1"]
[White "Durana, Jonas"]
[Black "Sefcik, Marek"]
[Result "0-1"]
[WhiteElo "1287"]
[BlackElo "1988"]
[PlyCount "68"]
[EventDate "2020.01.11"]
[EventType "swiss"]
[EventRounds "9"]
[EventCountry "SVK"]
[SourceTitle "CBM 194 Extra"]
[Source "ChessBase"]
[SourceDate "2020.03.31"]
[SourceVersion "1"]
[SourceVersionDate "2020.03.31"]
[SourceQuality "1"]

1. e4 c5 2. Nf3 e6 3. c4 Nc6 4. Be2 Qc7 5. 0-0 Nf6 6. d3 Be7 7. Be3 d5 8. cxd5 exd5 9. exd5 Nxd5 10. Qb3 Be6 11. Qc2 0-0 12. Bxc5 Ncb4 13. Qa4 Bxc5 14. Nbd2 Rfc8 15. Kh1 a6 16. Rac1 b5 17. Qd1 Nxa2 18. Ra1 Nf4 19. Ng5 Nb4 20. Nxe6 Nxe6 21. Qb3 Nd4 22. Qd1 Nxe2 23. Qxe2 Re8 24. Qf3 Rad8 25. Qh5 Re5 26. Qg4 Qe7 27. Nb3 h5 28. Qf4 Nxd3 29. Qf3 Qd6 30. Nxc5 Rxc5 31. Ra3 Rc1 32. Rxc1 Nxc1 33. h3 Qd1+ 34. Qxd1 Rxd1+ 0-1

[Event "Skalica op"]
[Site "Skalica"]
[Date "2019.08.31"]
[Round "9"]
[White "Sefcik, Marek"]
[Black "Jun, Rudolf Jr"]
[Result "0-1"]
[WhiteElo "2024"]
[BlackElo "2114"]
[PlyCount "52"]
[EventDate "2019.08.25"]
[EventType "swiss"]
[EventRounds "9"]
[EventCountry "SVK"]
[SourceTitle "EXT 2020"]
[Source "ChessBase"]
[SourceDate "2019.10.17"]
[SourceVersion "1"]
[SourceVersionDate "2019.10.17"]
[SourceQuality "1"]

1. e4 c5 2. Nf3 Nc6 3. b3 d6 4. Bb2 a6 5. c4 e5 6. h3 Be6 7. Nc3 g6 8. g3 Bg7 9. Bg2 Nge7 10. d3 Rb8 11. 0-0 0-0 12. Nd5 h6 13. Nh2 f5 14. f4 b5 15. Nxe7+ Nxe7 16. fxe5 dxe5 17. Qe2 fxe4 18. dxe4 Nc6 19. Rxf8+ Qxf8 20. cxb5 axb5 21. Nf3 Nd4 22. Qf2 Qe7 23. Nxd4 exd4 24. b4 Rf8 25. Qd2 c4 26. Bxd4 Rd8 0-1

[Event "Skalica op"]
[Site "Skalica"]
[Date "2019.08.28"]
[Round "5"]
[White "Rakovsky, Jakub"]
[Black "Sefcik, Marek"]
[Result "0-1"]
[WhiteElo "1765"]
[BlackElo "2024"]
[PlyCount "82"]
[EventDate "2019.08.25"]
[EventType "swiss"]
[EventRounds "9"]
[EventCountry "SVK"]
[SourceTitle "EXT 2020"]
[Source "ChessBase"]
[SourceDate "2019.10.17"]
[SourceVersion "1"]
[SourceVersionDate "2019.10.17"]
[SourceQuality "1"]

1. e4 c5 2. Nf3 e6 3. d4 cxd4 4. Nxd4 Bc5 5. Nb3 Bb6 6. Nc3 Ne7 7. Be2 0-0 8. 0-0 f5 9. Bg5 h6 10. Bxe7 Qxe7 11. exf5 Rxf5 12. Bd3 Rf8 13. Qe2 Qh4 14. Nd2 d5 15. Nf3 Qf4 16. Qe5 Nc6 17. Qh5 Bd7 18. Qg6 Rf6 19. Ne2 Rxg6 20. Nxf4 Rf6 21. Ng6 Be8 22. Nge5 Nxe5 23. Nxe5 Bd4 24. Nf3 Bc5 25. b4 Bb6 26. c4 Bh5 27. cxd5 Bxf3 28. gxf3 exd5 29. Be2 Re8 30. Rfe1 Re5 31. Bf1 Rg5+ 32. Kh1 Bxf2 33. h4 Rh5 34. Re2 Rxh4+ 35. Kg2 Bb6 36. Kg3 Rxb4 37. Rd2 Rbf4 38. Be2 R4f5 39. Rad1 Rg6+ 40. Kh4 Bd8+ 41. Kh3 Rh5# 0-1

[Event "Skalica op"]
[Site "Skalica"]
[Date "2019.08.26"]
[Round "2"]
[White "Sefcik, Marek"]
[Black "Kapusta, Petr"]
[Result "0-1"]
[WhiteElo "2024"]
[BlackElo "2157"]
[PlyCount "104"]
[EventDate "2019.08.25"]
[EventType "swiss"]
[EventRounds "9"]
[EventCountry "SVK"]
[SourceTitle "EXT 2020"]
[Source "ChessBase"]
[SourceDate "2019.10.17"]
[SourceVersion "1"]
[SourceVersionDate "2019.10.17"]
[SourceQuality "1"]

1. e4 c5 2. Nf3 d6 3. d4 cxd4 4. Qxd4 Nc6 5. Bb5 Bd7 6. Bxc6 Bxc6 7. Nc3 h6 8. Be3 Nf6 9. h3 e5 10. Qd3 Be7 11. 0-0-0 0-0 12. g4 Qa5 13. Nd2 b5 14. Nb3 Qc7 15. g5 hxg5 16. Bxg5 b4 17. Bxf6 bxc3 18. Bxe7 cxb2+ 19. Kxb2 Qxe7 20. Qxd6 Qxd6 21. Rxd6 Bxe4 22. Re1 Bf5 23. Rxe5 Bxh3 24. Ra5 Rfe8 25. c4 Re4 26. Rd4 Re2+ 27. Rd2 Re7 28. Kc3 Rc8 29. c5 g6 30. Rd6 Rcc7 31. Nd4 Re5 32. Kb4 Rb7+ 33. Rb5 Rc7 34. c6 Re1 35. Ka5 Rc1 36. Rb2 Kf8 37. Re2 Rc4 38. Re5 Kg7 39. a4 Bg2 40. Nb5 Bxc6 41. Red5 Rb7 42. Rd4 Rc5 43. Kb4 Rc2 44. Kb3 Rc1 45. Rb4 a5 46. Rxc6 Rb1+ 47. Ka3 Rxb4 48. Ra6 R4xb5 49. axb5 Rxb5 50. Ka4 Rf5 51. Rxa5 Rxf2 52. Kb4 Rc2 0-1

[Event "Skalica op"]
[Site "Skalica"]
[Date "2019.08.25"]
[Round "1"]
[White "Jablonicky, Martin"]
[Black "Sefcik, Marek"]
[Result "1-0"]
[WhiteElo "2343"]
[BlackElo "2024"]
[PlyCount "43"]
[EventDate "2019.08.25"]
[EventType "swiss"]
[EventRounds "9"]
[EventCountry "SVK"]
[SourceTitle "EXT 2020"]
[Source "ChessBase"]
[SourceDate "2019.10.17"]
[SourceVersion "1"]
[SourceVersionDate "2019.10.17"]
[SourceQuality "1"]

1. e4 c6 2. d4 d6 3. c4 Nd7 4. Nc3 h6 5. Be3 Qa5 6. Nf3 g5 7. Rb1 Bg7 8. b4 Qc7 9. Be2 Ngf6 10. 0-0 Nf8 11. e5 Ng4 12. exd6 exd6 13. Bc1 Bf5 14. Bd3 Be6 15. Bb2 Nf6 16. d5 Bg4 17. Re1+ Kd8 18. h3 Bxf3 19. Qxf3 Ng6 20. Ne4 Nxe4 21. Bxg7 f5 22. Bxh8 1-0

[Event "SVK-chT2A 1718"]
[Site "Slovakia"]
[Date "2018.03.17"]
[Round "10.5"]
[White "Sefcik, Marek"]
[Black "Gzib, David"]
[Result "1/2-1/2"]
[WhiteElo "2022"]
[BlackElo "1882"]
[PlyCount "46"]
[EventDate "2017.10.28"]
[EventType "team-tourn"]
[EventRounds "11"]
[EventCountry "SVK"]
[SourceTitle "EXT 2020"]
[Source "ChessBase"]
[SourceDate "2019.10.17"]
[SourceVersion "1"]
[SourceVersionDate "2019.10.17"]
[SourceQuality "1"]
[WhiteTeam "Osuske II"]
[BlackTeam "Bratislava Doprastav II"]
[WhiteTeamCountry "SVK"]
[BlackTeamCountry "SVK"]

1. Nf3 c5 2. b3 Nf6 3. Bb2 g6 4. e3 Bg7 5. g4 d6 6. h3 Nc6 7. d3 e5 8. c4 h5 9. g5 Ng8 10. Nc3 Nge7 11. e4 Nd4 12. Nxd4 exd4 13. Nb1 Nc6 14. Bc1 0-0 15. f4 f5 16. Nd2 Qe7 17. Qf3 fxe4 18. Nxe4 Bf5 19. Bg2 Rae8 20. Kd1 Qd7 21. Re1 Re7 22. Bd2 Re6 23. Qf1 Rfe8 1/2-1/2

[Event "SVK-chT3A2 1718"]
[Site "Slovakia"]
[Date "2017.12.03"]
[Round "5.3"]
[White "Sefcik, Marek"]
[Black "Takacs, Laszlo"]
[Result "1/2-1/2"]
[WhiteElo "1998"]
[BlackElo "2240"]
[PlyCount "115"]
[EventDate "2017.10.08"]
[EventType "team-tourn"]
[EventRounds "11"]
[EventCountry "SVK"]
[SourceTitle "EXT 2020"]
[Source "ChessBase"]
[SourceDate "2019.10.17"]
[SourceVersion "1"]
[SourceVersionDate "2019.10.17"]
[SourceQuality "1"]
[WhiteTeam "Holic"]
[BlackTeam "Dunajska Streda II"]
[WhiteTeamCountry "SVK"]
[BlackTeamCountry "SVK"]

1. d4 Nf6 2. Bg5 Ne4 3. Bf4 d5 4. f3 Nd6 5. Nd2 Nd7 6. e4 e6 7. c3 Be7 8. Bd3 dxe4 9. fxe4 Bg5 10. Qg4 Bxf4 11. Qxf4 Qf6 12. Qxf6 gxf6 13. Ngf3 b6 14. 0-0-0 Bb7 15. Rhf1 0-0-0 16. g3 h6 17. Rde1 Ne8 18. b4 Kb8 19. Kc2 Rg8 20. Rf2 Rg4 21. b5 c5 22. bxc6 Bxc6 23. Nc4 Rc8 24. Kb3 h5 25. Kb4 a5+ 26. Kb3 a4+ 27. Kb4 Ka7 28. Ne3 Rxe4 29. Bxe4 Bxe4 30. c4 Nd6 31. Nd2 Bd3 32. Rc1 b5 33. c5 f5 34. Rc3 Ne4 35. Nxe4 Bxe4 36. d5 Ka6 37. Rd2 Ne5 38. c6 exd5 39. c7 d4 40. Rxd4 Nc6+ 41. Rxc6+ Bxc6 42. Nxf5 Rxc7 43. Rd6 Kb7 44. Nd4 Be8 45. Nxb5 Rc2 46. Nc3 Rxh2 47. Rd8 Bc6 48. Rf8 Rf2 49. Rh8 Rg2 50. Rxh5 Rxg3 51. Rf5 Rf3 52. Rxf3 Bxf3 53. Kxa4 Kc6 54. Kb4 Kd6 55. Kc4 Ke5 56. Kd3 Kf4 57. Ne2+ Kg4 58. Nd4 1/2-1/2

[Event "SVK-chT4 A21 1516"]
[Site "Slovakia"]
[Date "2016.01.10"]
[Round "6.3"]
[White "Podjavorinsky, Michal"]
[Black "Sefcik, Marek"]
[Result "1-0"]
[WhiteElo "1859"]
[BlackElo "2041"]
[PlyCount "79"]
[EventDate "2015.10.04"]
[EventType "team-tourn"]
[EventRounds "11"]
[EventCountry "SVK"]
[SourceTitle "CBM 170 Extra"]
[Source "ChessBase"]
[SourceDate "2016.02.25"]
[SourceVersion "1"]
[SourceVersionDate "2016.02.25"]
[SourceQuality "1"]
[WhiteTeam "Vrbove III"]
[BlackTeam "Holic"]
[WhiteTeamCountry "SVK"]
[BlackTeamCountry "SVK"]

1. e4 c5 2. Nc3 e6 3. g3 a6 4. Bg2 Nc6 5. d3 b5 6. Be3 Bb7 7. Qd2 d6 8. Nge2 Nf6 9. h3 Be7 10. 0-0 Qc7 11. f4 Rd8 12. Nd1 d5 13. e5 Ng8 14. Kh2 d4 15. Bg1 g5 16. Nf2 gxf4 17. Qxf4 Bf8 18. Ne4 Bh6 19. Nd6+ Rxd6 20. exd6 Bxf4 21. dxc7 Bxc7 22. Rae1 Nge7 23. Be4 h5 24. h4 e5 25. Rf6 0-0 26. Ref1 Kg7 27. g4 hxg4 28. Ng3 Nd8 29. Bxb7 Nxb7 30. h5 Ng8 31. Rxa6 Nh6 32. Ra7 Rb8 33. Ra6 Nd8 34. Kg2 Ne6 35. Nf5+ Nxf5 36. Rxf5 Nf4+ 37. Kf1 c4 38. h6+ Kg8 39. Rg5+ Ng6 40. Bh2 1-0

[Event "SVK-chT4 A21 1516"]
[Site "Slovakia"]
[Date "2015.10.04"]
[Round "1.6"]
[White "Pericka, Tomas"]
[Black "Sefcik, Marek"]
[Result "1/2-1/2"]
[WhiteElo "2008"]
[BlackElo "2048"]
[PlyCount "91"]
[EventDate "2015.10.04"]
[EventType "team-tourn"]
[EventRounds "11"]
[EventCountry "SVK"]
[SourceTitle "CBM 170 Extra"]
[Source "ChessBase"]
[SourceDate "2016.02.25"]
[SourceVersion "1"]
[SourceVersionDate "2016.02.25"]
[SourceQuality "1"]
[WhiteTeam "Brezova pod Bradlom"]
[BlackTeam "Holic"]
[WhiteTeamCountry "SVK"]
[BlackTeamCountry "SVK"]

1. e4 d5 2. exd5 Qxd5 3. Nc3 Qd8 4. d4 Nf6 5. Be3 c6 6. Bd3 Bg4 7. f3 Bh5 8. Nge2 e6 9. Nf4 Nbd7 10. Qe2 Bg6 11. 0-0-0 Bb4 12. Ne4 Nd5 13. c3 Nxe3 14. Qxe3 Be7 15. Nxg6 hxg6 16. Qf4 Nf6 17. Nxf6+ Bxf6 18. Kb1 Qa5 19. Qd6 Rd8 20. Qg3 Rh5 21. f4 Rh4 22. Qf3 Qh5 23. Qxh5 Rxh5 24. h3 Kd7 25. Kc2 Kc7 26. Kd2 g5 27. f5 e5 28. dxe5 Bxe5 29. Ke2 b5 30. c4 b4 31. b3 Rh4 32. Bc2 Bd4 33. g3 Rh6 34. h4 gxh4 35. Rxh4 Rxh4 36. gxh4 Re8+ 37. Kf1 Bf6 38. Re1 Rh8 39. Re4 Bxh4 40. c5 a5 41. Bd3 Bf6 42. Kg2 Rd8 43. Bc4 Rd2+ 44. Re2 Rd7 45. Kf3 Bd4 46. Rd2 1/2-1/2

[Event "SVK-chT3A2 1415"]
[Site "Slovakia"]
[Date "2015.01.25"]
[Round "7.1"]
[White "Liptak, Tomas"]
[Black "Sefcik, Marek"]
[Result "1/2-1/2"]
[WhiteElo "2168"]
[BlackElo "2043"]
[PlyCount "54"]
[EventDate "2014.10.19"]
[EventType "team-tourn"]
[EventRounds "11"]
[EventCountry "SVK"]
[SourceTitle "EXT 2019"]
[Source "ChessBase"]
[SourceDate "2018.10.10"]
[SourceVersion "1"]
[SourceVersionDate "2018.10.10"]
[SourceQuality "1"]

1. e4 d5 2. exd5 Qxd5 3. Nc3 Qd8 4. d4 Nf6 5. Nf3 Bg4 6. h3 Bxf3 7. Qxf3 c6 8. Be3 e6 9. g4 Bb4 10. Bg2 Nd5 11. Bd2 Nd7 12. 0-0 Bxc3 13. bxc3 b5 14. Qd3 N7b6 15. f4 Qd7 16. f5 0-0 17. Be4 Nf6 18. Bg2 Nfd5 19. Rf2 Nc4 20. Raf1 Nxd2 21. Rxd2 exf5 22. Rxf5 g6 23. Re5 Nf4 24. Qe4 Nxg2 25. Re7 Rfe8 26. Rxd7 Rxe4 27. Kxg2 Rae8 1/2-1/2